Maľovaný prvácky rok Netradičná kniha Libuše Friedovej

Bibliographic Details
Main Authors: Havranová, Ivana, 1952- (Author), Friedová, Libuša, 1925-2017 (Author)
Format: Article
Language:Slovak
Subjects:

MARC

LEADER 00000nab a2200000 a 4500
001 vtls000186418
003 SK-MaSNL
005 20260305020158.0
008 160215c1984 xo 0 slo
015 |a SNBRB19rr/mm-uuuuu 
035 |a CL0196531 
040 |a SNKBUCL  |b slo  |c SNKBUCL  |e AACR2 
041 0 |a slo 
044 |a xo  |c SK 
080 |a 82.09:885.4-3(087.5)(048)  |2 1981 
080 |a 885.4-3(087.5)(048)  |2 1981 
100 1 |a Havranová, Ivana,  |d 1952-  |4 aut  |9 5431 
245 1 0 |a Maľovaný prvácky rok  |b Netradičná kniha Libuše Friedovej  |c Ivana Havranová ; Libuša Friedová 
650 0 7 |a rozprávky autorské  |2 snkbucl  |9 315429 
650 0 7 |a literatúra pre deti a mládež  |2 snkbucl  |9 21893 
655 7 |a články z novín a časopisov  |2 snkbucl  |9 267496 
655 7 |a články z odboru literárna veda a krásna literatúra  |2 snkbucl  |9 770045 
700 1 |a Friedová, Libuša,  |d 1925-2017  |4 aut  |9 123535 
773 0 |t Smena  |g Roč. 37, č. 135 (9. 6. 1984), s. 6 
787 0 8 |i Rec.:  |a Friedová, Libuša  |t Maľované čítanie alebo môj prvácky rok  |d Košice : Východoslovenské vydavateľstvo, 1984 
850 |a Slovenská národná knižnica v Martine  |a MTA001 
852 |a SNK  |b KIS3GCP 
958 |a BX 
958 |a RK 
958 |a LX 
992 |a RBX 
999 |c 3279265  |d 3281195